Informačná úloha účtovnej závierky z nadnárodného hľadiska diplomová práca

Uložené v:
Podrobná bibliografia
Hlavný autor: Číková, Linda
Korporativný autor: Fakulta hospodárskej informatiky EU. Katedra účtovníctva a audítorstva
Ďalší autori: Szászová, Renáta
Médium: Kniha
Jazyk:Slovak
Vydavateľské údaje: Bratislava 2014
Tagy: Pridať tag
Žiadne tagy, Buďte prvý, kto otaguje tento záznam!

MARC

LEADER 00000nbm a2200000 4500
001 0188721
005 20170201105819.4
041 0 |a slo 
044 |a SK 
245 1 0 |a Informačná úloha účtovnej závierky z nadnárodného hľadiska  |b diplomová práca  |c Linda Číková ; školiteľ: Renáta Szászová 
264 1 |a Bratislava  |c 2014 
300 |a 64 s. 
100 1 |a Číková, Linda 
700 1 |a Szászová, Renáta 
710 2 |a Fakulta hospodárskej informatiky EU. Katedra účtovníctva a audítorstva